Ernst Lubitsch Collection [DVD видео] (Запис номер 215355)
[ съкратено ]
| 000 -Лидер | |
|---|---|
| Контролно поле с фиксирана дължина | 01027ngm a2200325 a 4500 |
| 003 - Код на организацията, давaща контролен номер | |
| Контролно поле | BLK |
| 005 - Дата и час на последна редакция | |
| Контролно поле | 20240613165209.0 |
| 008 - Елементи от данни с фиксирана дължина | |
| fixed length control field | 180410b bul||n||s|||||||| mlbulo| |
| 010 ## - Наследен системен номер | |
| LC control number | CDD00000244000 |
| 040 ## - Източник на каталожния запис | |
| Идентификатор на билиотеката - собственик на записа | BLK |
| 041 ## - Код за език | |
| Код за езика на текст/звукозапис или на отделно заглавие | Немски |
| Код за езика КДБФ | Немски |
| 080 ## - УДК | |
| Текстов определител УДК | Художествени филмови жанрове |
| УДК код - определител по УДК | 791.221/.228 |
| УДК - код + определител | 791.221/.228 |
| 245 10 - Сведения за заглавието | |
| Заглавие | Ernst Lubitsch Collection [DVD видео] |
| Подзаглавни данни | Bd. 1-6 |
| Редно поле (дума) | reg. Ernst Lubitsch. |
| Том | CD 5 |
| 257 ## - Страна на издаване | |
| Страна на създаване/издаване | Германия |
| 260 ## - Област на издателските данни | |
| Име на издателя, разпространителя и проч. | Goethe Inst. |
| Година на издаване | s.a. |
| 300 ## - Физическа характеристика | |
| Размери/Мащаб | 1 DVD : PAL : ч б |
| Тип мерна единица | бр. в к-т |
| Количество на мерната единица | 1 CD |
| 380 ## - Жанр | |
| Жанр | Изкуство |
| 505 ## - Форматирана забележка | |
| Авторската отговорност | drehbuchaut. Hanns Kraly; darst. Victor Janson; darst. Marga Kohler; darst. Edith Meller. |
| Заглавие | Die Bergkatze |
| 700 1# - Други автори (авторска отговорност) | |
| Лично име | Lubitsch, Ernst |
| Автороска отговорност (Описва отношението между автора и произведението) | reg. |
| 9 (RLIN) | 17306 |
| 760 1# - Описание на основната серия | |
| Страници - том | 82мин. |
| Заглавие | CD 5 |
| 852 ## - Местоположение | |
| Форматна сигнатура | Цб CD 1823 |
| Част | 1 |
| 856 4# - Електронен адрес и достъп | |
| Електронен формат | pdf - файл |
| Път до файла /url/ | |
| 856 4# - Електронен адрес и достъп | |
| Електронен формат | pdf - файл |
| Път до файла /url/ | |
| 942 ## - АРТИКУЛИ | |
| Вид на библиотечния материал | Компактдискове |
| Скрит в OPAC | Не |
| 944 ## - СЪЗДАВАНЕ И РЕДАКЦИЯ на ЗАПИСА | |
| Създаване/Редакция | Създаване |
| Дата на регистрацията/редакция | 18.09.2008 |
| Служител, извършил регистрацията/редакцията | 30542 |
| Статус, дата на статуса | Русанова Ирена |
| 944 ## - СЪЗДАВАНЕ И РЕДАКЦИЯ на ЗАПИСА | |
| Създаване/Редакция | Редакция |
| Дата на регистрацията/редакция | 18.09.2008 |
| 999 ## - СИСТЕМНИ КОНТРОЛНИ НОМЕРА | |
| Koha biblionumber | 215355 |
| Koha biblioitemnumber | 215355 |
| 999 ## - СИСТЕМНИ КОНТРОЛНИ НОМЕРА | |
| Koha biblioitemnumber | 215355 |
| 999 ## - СИСТЕМНИ КОНТРОЛНИ НОМЕРА | |
| Koha biblioitemnumber | 215355 |
| 999 ## - СИСТЕМНИ КОНТРОЛНИ НОМЕРА | |
| Koha biblioitemnumber | 215355 |
| Код за отписване | Код за изгубен артикул | Източник на класификационната схема | Код за повреда | Коз за рестрикции | Код за отдаване | Артикулен № | Име на библиотеката - собственик | Име на библиотеката, в която се намира в момента | Статус (Текущо местоположение) | Дата на вписване в системата | Местоположение - отдел | Цена в лева | Инвентарен номер | Систематично азбучна сигнатура | Баркод | Номер на екземпляра | Цена в евро | Служебна бележка | Служебен тип на артикула |
|---|---|---|---|---|---|---|---|---|---|---|---|---|---|---|---|---|---|---|---|
| Не е изгубен | Universal Decimal Classification | Не е повреден | без рестрикции | заемане за дома | 386714 | Регионална библиотека "Любен Каравелов" Русе | Регионална библиотека "Любен Каравелов" Русе | Отдел Изкуство - подръчен фонд | 2000-01-01 | Отдел Изкуство - подръчен фонд | 15.00 | 120000907377 | 791.221/.228/L 96 | 120000907377 | 1 | 7.67 | Дост: DA Вид: А Дата: 01.01.2000 | Компактдискове |